Nommenclature des ions - Statistiques

Statistiques générales
  • Ce quiz a été pris 18 fois
  • Le résultat moyen est 28 sur 94
Statistiques - réponses
Hint Réponse % Correct
H + Hydrogène
100%
Ag + Argent
75%
K + Potassium
75%
Al 2+ Aluminium II
63%
Al 3+ Aluminium III
63%
Ca 2+ Calcium
63%
Cr 2+ Chrome II
63%
Cr 3+ Chrome III
63%
Co 2+ Cobalt II
63%
Co 3+ Cobalt III
63%
Cu + Cuivre I
63%
Cu 2+ Cuivre II
63%
Fe 2+ Fer II
63%
Fe 3+ Fer III
63%
Li + Lithium
63%
Mg 2+ Magnésium
63%
Mn 2+ Manganèse
63%
H3O + Oxonium
63%
Pb 2+ Plomb
63%
Pb 4+ Plomb IV
63%
Na + Sodium
63%
NH4 + Ammonium
50%
As 3+ Arsenic III
50%
Ba 2+ Baryum
50%
Be 2+ Béryllium
50%
Cd 2+ Cadmium
50%
F - Fluorure
50%
I - Iodure
50%
Mn 4+ Manganèse IV
50%
Zn 2+ Zinc
50%
As 5+ Arsenic V
38%
Bi 3+ Bismuth III
38%
Br - Bromure
38%
Cs + Césium
38%
Cl - Chlorure
38%
Sn 2+ Etain II
38%
Sn 4+ Etain IV
38%
Hg2 2+ Mercure I
38%
Hg 2+ Mercure II
38%
Ni 2+ Nickel
38%
Sc 2+ Scandium
38%
Sb 3+ Antimoine III
25%
Sb 5+ Antimoine V
25%
Bi 5+ Bismuth V
25%
CN - Cyanure
25%
PO4 3- Phosphate
25%
Sr 2+ Strontium
25%
S 2- Sulfure
25%
BO3 3- Borate
13%
BrO 3- Bromate
13%
CO3 2- Carbonate
13%
ClO3 - Chlorate
13%
ClO2 - Chlorite
13%
CrO4 2- Chromate
13%
Cr2O7 2- Dichromate
13%
H2PO4 - Dihydrogénophosphate
13%
CH3COO - Ethanoate
13%
HCO3 - Hydrogénocarbonate
13%
HPO4 2- Hydrogénophosphate
13%
HSO4 - Hydrogénosulfate
13%
HSO3 - Hydrogénosulfite
13%
HS - hydrogénosulfure
13%
HO- Hydroxyde
13%
ClO - Hypochlorite
13%
IO3 - Iodate
13%
HCOO - Méthanoate
13%
NO3 - Nitrate
13%
NO2 - Nitrite
13%
N 3- Nitrure
13%
O 2- Oxygène
13%
MnO4 - Permanganate
13%
Pt 4+ Platine IV
13%
SO4 2- Sulfate
13%
SO3 2- Sulfite
13%
S2O3 2- Thiosulfate
13%
C 4- Carbure
0%
CN2 2- Cyanamide
0%
Ag(NH3)2 + Diamine argent
0%
Fe(CN)6 3- Ferricyanure
0%
Fe(CN)6 4- Ferrocyanure
0%
H - Hydrure
0%
MnO4 2- Manganate
0%
Au 3+ Or
0%
C2O4 2- Oxalate
0%
ClO4 - Perchlorate
0%
S2O8 2- Peroxodysulfate
0%
O2 2- Peroxyde
0%
P 3- Phosphure
0%
SiO4 4- Silicate
0%
SnO3 2- Stannate
0%
SnO2 2- Stannite
0%
C4H4O6 2- Tartrate
0%
S4O6 2- Tétrathionate
0%
SCN - Thiocyanate
0%
Aucun quiz correspondant
Distribution des résultats
% des personnes avec chaque résultat
Percentile par nombre de réponses
Votre historique - résultats
Vous n’avez pas pris ce quiz